Statistics for Words with Different British and American Meanings

Click here to take the quiz!

General Stats

  • This quiz has been taken 1,386 times
    (1,149 since last reset)
  • The average score is 9 of 11

Answer Stats

British ClueWordAmerican Clue% Correct
Fish and _____ChipsLays
97%
SoccerFootballPigskin
97%
EraserRubberCondom
95%
UnderwearPantsTrousers
94%
A cookieBiscuitQuick bread
90%
Storage in the carBootDenver ____ / wheel clamp
77%
Floss / cottonCandyConfectionary
76%
Primary roadTrunkStorage in the car
64%
Posh schoolPublic schoolState funded school
62%
Musical concert in Royal Albert HallPromFormal school party
60%
UnderpassSubwayRapid transit
48%

Score Distribution

Percentile by Number Answered

Percent of People with Each Score

Your Score History

You have not taken this quiz since the last reset